| 000 | 00638nam a2200193 i 4500 | ||
|---|---|---|---|
| 001 | 49858 | ||
| 003 | ES-MaACL | ||
| 005 | 20230906162057.0 | ||
| 007 | t| | ||
| 008 | 030724s1974 sp ||||1| spa d | ||
| 100 | 1 |
_aCraig, Charles Franklin. _941424 |
|
| 245 | 1 | 0 |
_aParasitologĂa clĂnica / _cCraig y Faust. Ernest Carroll Faust... Paul Farr Russell... Rodney Clifton Jung. |
| 260 |
_aBarcelona : _bSalvat, _c[1974] |
||
| 300 |
_aVIII, 888 p. : _bil. ; _c26 cm. |
||
| 700 | 1 |
_aFaust, Ernest Carroll. _948980 |
|
| 700 | 1 |
_aRussell, Paul Farr. _9101045 |
|
| 700 | 1 |
_aJung, Rodney Clifton. _967289 |
|
| 852 |
_aES-MaACL _jC-55901 _bR.88659 |
||
| 999 |
_c49858 _d49858 |
||